000 01122nam a2200301Ia 4500
003 OSt
005 20221007121636.0
006 a|||||r|||| 00| 0
007 ta
008 221006b |||||||| |||| 00| 0 eng d
020 _cRs.750.00
024 _a3663
037 _bJagmander,
_cTextual
040 _aBDL
_cBDL
_beng
041 _2eng
_aeng
082 _aI5:11.211, F9
100 _aMayuranathan P V
_9712651
245 0 _a<The>flowering plants of Madras city and its immediate neighbourhood by P V Mayuranathan
260 _aDelhi
_bPeriodical Expert Book Agency
_c1929
300 _a345p
_ccm.
490 _aBulletin of the Madras Government museum new series, natural history section; VII
500 _aPlates XXXVIII; ^mPurchase^n23/CSL/Carb/95-96/3110^d1995-12-04; ; 95-96/412^b1995-12-11^c589/95^d1995-12-09^eJagmander Book Agency^f1995-12-11^h1995-12-11; ; 1995-12-16^bSB^c1995-12-26
650 _a Flowering plants
_9710132
650 _a Madras
_9712652
650 _aBotany
942 _hI5:11.211, F9
_cTEXL
_2CC
999 _c1209119
_d1209119